[Event "EYCC 2024 - G18"]
[Site "?"]
[Date "2024.08.29"]
[Round "7.1"]
[White "Barwinska, Ewa"]
[Black "Verheij, Dana"]
[Result "1-0"]
[BlackElo "1941"]
[WhiteElo "2035"]
[LiveChessVersion "1.4.8"]

1. e4 {[%clk 1:30:57]} c5 {[%clk 1:30:56]} 2. Ne2 {[%clk 1:31:23]} d6
{[%clk 1:31:04]} 3. g3 {[%clk 1:31:44]} Nf6 {[%clk 1:30:45]} 4. Bg2
{[%clk 1:32:01]} Nc6 {[%clk 1:30:34]} 5. c3 {[%clk 1:31:57]} g6 {[%clk 1:28:56]}
6. d4 {[%clk 1:31:44]} cxd4 {[%clk 1:28:05]} 7. cxd4 {[%clk 1:32:04]} Bg7
{[%clk 1:28:23]} 8. O-O {[%clk 1:31:36]} O-O {[%clk 1:27:52]} 9. Nbc3
{[%clk 1:30:46]} Bd7 {[%clk 1:25:24]} 10. h3 {[%clk 1:23:38]} Rc8
{[%clk 1:21:38]} 11. Be3 {[%clk 1:22:38]} Qa5 {[%clk 1:07:19]} 12. Qd2
{[%clk 1:16:50]} b5 {[%clk 1:01:30]} 13. a3 {[%clk 1:15:31]} b4 {[%clk 1:00:34]}
14. Nd5 {[%clk 1:02:54]} Qb5 {[%clk 0:51:38]} 15. a4 {[%clk 0:57:37]} Qb7
{[%clk 0:48:31]} 16. Nxf6+ {[%clk 0:49:10]} Bxf6 {[%clk 0:48:30]} 17. f4
{[%clk 0:47:37]} Bg7 {[%clk 0:45:33]} 18. b3 {[%clk 0:42:45]} Na5
{[%clk 0:36:56]} 19. Rab1 {[%clk 0:40:40]} Rc7 {[%clk 0:36:02]} 20. f5
{[%clk 0:38:02]} Rb8 {[%clk 0:32:46]} 21. e5 {[%clk 0:32:25]} Qc8
{[%clk 0:32:10]} 22. e6 {[%clk 0:29:37]} fxe6 {[%clk 0:28:54]} 23. fxg6
{[%clk 0:28:47]} hxg6 {[%clk 0:27:43]} 24. Bh6 {[%clk 0:25:28]} Qe8
{[%clk 0:12:48]} 25. Qg5 {[%clk 0:19:01]} Kh7 {[%clk 0:07:15]} 26. Bxg7
{[%clk 0:19:04]} Kxg7 {[%clk 0:07:43]} 27. Qxa5 {[%clk 0:16:27]} Rc2
{[%clk 0:07:46]} 28. Nf4 {[%clk 0:16:03]} Rc3 {[%clk 0:07:58]} 29. Qg5
{[%clk 0:16:14]} e5 {[%clk 0:07:41]} 30. dxe5 {[%clk 0:15:19]} Bf5
{[%clk 0:08:04]} 31. Nh5+ {[%clk 0:14:15]} Kh7 {[%clk 0:08:15]} 32. Rxf5
{[%clk 0:14:22]} gxh5 {[%clk 0:08:06]} 33. Be4 {[%clk 0:14:19]} Kh8
{[%clk 0:07:45]} 34. Qh6+ {[%clk 0:14:43]} Kg8 1-0

[Event "EYCC 2024 - G18"]
[Site "?"]
[Date "2024.08.29"]
[Round "7.2"]
[White "Hernandez Tellez, Claudia"]
[Black "Kapolkova, Greta"]
[Result "1-0"]
[BlackElo "1889"]
[WhiteElo "2025"]
[LiveChessVersion "1.4.8"]

1. e4 {[%clk 1:30:57]} e6 {[%clk 1:30:56]} 2. d4 {[%clk 1:31:00]} d5
{[%clk 1:31:19]} 3. Nd2 {[%clk 1:31:25]} c5 {[%clk 1:31:41]} 4. exd5
{[%clk 1:30:54]} Qxd5 {[%clk 1:32:04]} 5. dxc5 {[%clk 1:27:50]} Bxc5
{[%clk 1:32:25]} 6. Ngf3 {[%clk 1:28:06]} Nf6 {[%clk 1:32:43]} 7. Bc4
{[%clk 1:26:28]} Qc6 {[%clk 1:33:00]} 8. Qe2 {[%clk 1:23:52]} O-O
{[%clk 1:33:20]} 9. O-O {[%clk 1:23:46]} Nbd7 {[%clk 1:33:45]} 10. Nb3
{[%clk 1:21:23]} Bb6 {[%clk 1:20:12]} 11. Bd3 {[%clk 1:13:25]} a6
{[%clk 1:11:49]} 12. h3 {[%clk 1:06:47]} Qc7 {[%clk 1:02:56]} 13. Re1
{[%clk 0:54:31]} Nc5 {[%clk 1:01:52]} 14. Nxc5 {[%clk 0:53:57]} Bxc5
{[%clk 1:02:04]} 15. c4 {[%clk 0:51:27]} b6 {[%clk 1:00:55]} 16. Bg5
{[%clk 0:48:14]} Bb7 {[%clk 0:46:31]} 17. Ne5 {[%clk 0:45:01]} Be7
{[%clk 0:44:11]} 18. Qe3 {[%clk 0:32:00]} Rfe8 {[%clk 0:28:32]} 19. Qg3
{[%clk 0:28:30]} Nh5 {[%clk 0:25:02]} 20. Qg4 {[%clk 0:17:19]} Bxg5
{[%clk 0:23:12]} 21. Qxg5 {[%clk 0:14:12]} g6 {[%clk 0:16:44]} 22. Ng4
{[%clk 0:12:40]} Red8 {[%clk 0:09:38]} 23. Rad1 {[%clk 0:04:25]} Rd7
{[%clk 0:02:00]} 24. Be2 {[%clk 0:03:55]} Rxd1 {[%clk 0:01:02]} 25. Rxd1
{[%clk 0:04:17]} Bc6 {[%clk 0:01:25]} 26. Nh6+ {[%clk 0:04:19]} Kh8
{[%clk 0:01:05]} 27. Bxh5 {[%clk 0:04:39]} gxh5 {[%clk 0:01:15]} 28. Qf6# 1-0

[Event "EYCC 2024 - G18"]
[Site "?"]
[Date "2024.08.29"]
[Round "7.3"]
[White "Maton, Emily"]
[Black "Skakun, Kateryna"]
[Result "1/2-1/2"]
[BlackElo "1854"]
[WhiteElo "2005"]
[LiveChessVersion "1.4.8"]

1. d4 {[%clk 1:30:59]} Nf6 {[%clk 1:30:51]} 2. Bf4 {[%clk 1:31:25]} g6
{[%clk 1:30:09]} 3. Nc3 {[%clk 1:31:51]} Bg7 {[%clk 1:29:41]} 4. e4
{[%clk 1:32:15]} d6 {[%clk 1:29:45]} 5. Qd2 {[%clk 1:32:41]} O-O {[%clk 1:28:43]}
6. O-O-O {[%clk 1:33:06]} Nc6 {[%clk 1:27:54]} 7. f3 {[%clk 1:32:02]} a6
{[%clk 1:16:05]} 8. Bh6 {[%clk 1:29:33]} b5 {[%clk 1:14:38]} 9. h4
{[%clk 1:25:58]} e5 {[%clk 1:04:11]} 10. dxe5 {[%clk 1:17:48]} Nxe5
{[%clk 1:01:27]} 11. Bxg7 {[%clk 1:14:44]} Kxg7 {[%clk 0:59:41]} 12. h5
{[%clk 1:12:40]} Be6 {[%clk 0:45:32]} 13. f4 {[%clk 1:07:30]} Neg4
{[%clk 0:41:48]} 14. f5 {[%clk 1:06:20]} b4 {[%clk 0:39:02]} 15. Nd5
{[%clk 0:49:32]} Nxd5 {[%clk 0:35:44]} 16. fxe6 {[%clk 0:49:21]} Ndf6
{[%clk 0:32:42]} 17. exf7 {[%clk 0:46:19]} Rxf7 {[%clk 0:31:34]} 18. hxg6
{[%clk 0:44:46]} hxg6 {[%clk 0:31:33]} 19. Be2 {[%clk 0:33:22]} Nxe4
{[%clk 0:27:31]} 20. Qd4+ {[%clk 0:33:23]} Ngf6 {[%clk 0:27:21]} 21. Qe3
{[%clk 0:30:17]} Rf8 {[%clk 0:19:03]} 22. Bd3 {[%clk 0:25:20]} d5
{[%clk 0:11:14]} 23. Qh6+ {[%clk 0:24:45]} Kf7 {[%clk 0:11:40]} 24. Nf3
{[%clk 0:21:34]} Qd6 {[%clk 0:07:40]} 25. Ng5+ {[%clk 0:20:52]} Nxg5
{[%clk 0:05:46]} 26. Bxg6+ {[%clk 0:20:06]} Ke7 {[%clk 0:05:18]} 27. Qxg5
{[%clk 0:19:56]} Kd7 {[%clk 0:05:28]} 28. Bf5+ {[%clk 0:18:58]} Kc6
{[%clk 0:05:30]} 29. Rhe1 {[%clk 0:16:00]} Rae8 {[%clk 0:05:09]} 30. Bg6
{[%clk 0:14:36]} Rxe1 {[%clk 0:04:46]} 31. Rxe1 {[%clk 0:15:01]} Rg8
{[%clk 0:03:08]} 32. Qf5 {[%clk 0:10:23]} Ne4 {[%clk 0:03:02]} 33. Bf7
{[%clk 0:10:26]} Rxg2 {[%clk 0:00:44]} 34. Bxd5+ {[%clk 0:09:09]} Qxd5
{[%clk 0:01:11]} 35. Qxe4 {[%clk 0:09:33]} Qxe4 {[%clk 0:01:16]} 36. Rxe4
{[%clk 0:10:00]} Kb5 {[%clk 0:01:22]} 37. b3 {[%clk 0:10:00]} a5 {[%clk 0:01:28]}
38. Kb2 {[%clk 0:10:19]} c5 {[%clk 0:00:32]} 39. Re8 {[%clk 0:10:14]} Rh2
{[%clk 0:00:34]} 40. Rb8+ {[%clk 0:10:35]} Kc6 {[%clk 0:00:50]} 41. Rc8+
{[%clk 0:10:16]} Kb6 {[%clk 0:01:17]} 42. Rb8+ {[%clk 0:10:40]} Kc6
{[%clk 0:01:10]} 43. Rc8+ {[%clk 0:11:07]} Kd5 1/2-1/2

[Event "EYCC 2024 - G18"]
[Site "?"]
[Date "2024.08.29"]
[Round "7.4"]
[White "Hoanca, Alexia-Ioana"]
[Black "Vasylchuk, Diana"]
[Result "1-0"]
[BlackElo "1983"]
[WhiteElo "1966"]
[LiveChessVersion "1.4.8"]

1. e4 {[%clk 1:30:59]} d5 {[%clk 1:30:32]} 2. exd5 {[%clk 1:31:22]} Qxd5
{[%clk 1:30:59]} 3. Nc3 {[%clk 1:31:45]} Qa5 {[%clk 1:30:59]} 4. d4
{[%clk 1:32:00]} Nf6 {[%clk 1:30:57]} 5. Bd2 {[%clk 1:32:06]} c6 {[%clk 1:31:00]}
6. Bc4 {[%clk 1:32:25]} Qc7 {[%clk 1:28:04]} 7. Nf3 {[%clk 1:28:59]} Bf5
{[%clk 1:26:47]} 8. Ne5 {[%clk 1:27:03]} e6 {[%clk 1:25:21]} 9. g4
{[%clk 1:26:01]} Bg6 {[%clk 1:24:29]} 10. Qe2 {[%clk 1:23:23]} Bb4
{[%clk 1:13:38]} 11. O-O-O {[%clk 1:16:34]} Bxc3 {[%clk 1:13:28]} 12. Bxc3
{[%clk 1:16:27]} Be4 {[%clk 1:10:34]} 13. Rhe1 {[%clk 1:12:36]} Bd5
{[%clk 1:10:24]} 14. f4 {[%clk 1:06:05]} Ne4 {[%clk 1:01:12]} 15. Bb4
{[%clk 0:54:02]} Nd7 16. Bd3 {[%clk 0:45:09]} c5 {[%clk 0:41:09]} 17. Bxe4
{[%clk 0:25:02]} Bxe4 {[%clk 0:38:24]} 18. Bc3 {[%clk 0:24:30]} Nxe5
{[%clk 0:35:49]} 19. Qxe4 {[%clk 0:22:00]} Nxg4 {[%clk 0:30:00]} 20. Qf3
{[%clk 0:18:26]} cxd4 {[%clk 0:23:49]} 21. Qxg4 {[%clk 0:16:13]} dxc3
{[%clk 0:23:40]} 22. Qxg7 {[%clk 0:16:23]} Qxf4+ {[%clk 0:22:17]} 23. Kb1
{[%clk 0:16:38]} Ke7 {[%clk 0:20:51]} 24. Rf1 {[%clk 0:15:02]} Rhg8
{[%clk 0:19:01]} 25. Qxh7 {[%clk 0:13:47]} Rad8 {[%clk 0:18:24]} 26. Rde1
{[%clk 0:13:35]} Rh8 {[%clk 0:18:32]} 27. Qg7 {[%clk 0:13:38]} Rdg8
{[%clk 0:18:45]} 28. Qxc3 {[%clk 0:13:51]} Qxh2 {[%clk 0:17:29]} 29. Qc5+ Ke8
{[%clk 0:16:52]} 30. Qc8+ {[%clk 0:10:03]} Ke7 {[%clk 0:16:55]} 31. Qxb7+
{[%clk 0:10:27]} Kd6 {[%clk 0:16:54]} 32. Rd1+ {[%clk 0:09:49]} Kc5
{[%clk 0:15:58]} 33. b4+ {[%clk 0:09:50]} Kc4 {[%clk 0:16:10]} 34. Qc6+
{[%clk 0:10:05]} Kxb4 {[%clk 0:16:18]} 35. Rd4+ {[%clk 0:10:26]} Ka5
{[%clk 0:16:22]} 36. Ra4# 1-0

[Event "EYCC 2024 - G18"]
[Site "?"]
[Date "2024.08.29"]
[Round "7.5"]
[White "Lindstad, Livia"]
[Black "Sereda, Yaroslava"]
[Result "1/2-1/2"]
[BlackElo "1972"]
[WhiteElo "1886"]
[LiveChessVersion "1.4.8"]

1. e4 {[%clk 1:30:54]} c5 {[%clk 1:30:53]} 2. Nf3 {[%clk 1:31:08]} Nc6
{[%clk 1:31:13]} 3. d4 {[%clk 1:31:21]} cxd4 {[%clk 1:31:35]} 4. Nxd4
{[%clk 1:31:44]} e5 {[%clk 1:31:53]} 5. Nb5 {[%clk 1:31:41]} d6 {[%clk 1:32:10]}
6. N1c3 {[%clk 1:31:35]} a6 {[%clk 1:32:28]} 7. Na3 {[%clk 1:31:52]} Be7
{[%clk 1:32:37]} 8. Nc4 {[%clk 1:31:24]} b5 {[%clk 1:32:47]} 9. Ne3
{[%clk 1:31:42]} Nf6 {[%clk 1:32:57]} 10. Bd3 {[%clk 1:31:43]} O-O
{[%clk 1:33:08]} 11. O-O {[%clk 1:32:00]} Nb4 {[%clk 1:32:59]} 12. Be2
{[%clk 1:32:04]} Be6 {[%clk 1:32:45]} 13. a3 {[%clk 1:32:04]} Nc6
{[%clk 1:33:02]} 14. Ned5 {[%clk 1:31:32]} Nd4 {[%clk 1:14:52]} 15. Be3
{[%clk 1:29:09]} Nxe2+ {[%clk 1:11:51]} 16. Qxe2 {[%clk 1:29:18]} Bxd5
{[%clk 1:06:07]} 17. Nxd5 {[%clk 1:28:36]} Nxd5 {[%clk 1:05:41]} 18. exd5
{[%clk 1:28:59]} Bg5 {[%clk 0:58:10]} 19. f4 {[%clk 1:24:41]} exf4
{[%clk 0:56:58]} 20. Bxf4 {[%clk 1:23:27]} Qb6+ {[%clk 0:52:16]} 21. Qf2
{[%clk 1:19:46]} Qxf2+ {[%clk 0:49:52]} 22. Rxf2 {[%clk 1:20:07]} Bxf4
{[%clk 0:49:36]} 23. Rxf4 {[%clk 1:20:30]} Rac8 {[%clk 0:48:24]} 24. c3
{[%clk 1:18:12]} Rc5 {[%clk 0:41:56]} 25. Rd4 {[%clk 1:18:10]} Re8
{[%clk 0:35:51]} 26. a4 {[%clk 1:09:47]} bxa4 {[%clk 0:27:20]} 27. Rdxa4
{[%clk 1:04:23]} Rxd5 {[%clk 0:26:02]} 28. Rxa6 {[%clk 1:02:30]} Kf8
{[%clk 0:24:41]} 29. b4 {[%clk 0:51:57]} Rd3 {[%clk 0:21:19]} 30. R6a3
{[%clk 0:39:12]} Rc8 {[%clk 0:15:09]} 31. Rc1 {[%clk 0:36:48]} d5
{[%clk 0:14:21]} 32. Kf2 {[%clk 0:35:40]} d4 {[%clk 0:14:15]} 33. cxd4
{[%clk 0:28:27]} Rxc1 {[%clk 0:10:38]} 34. Rxd3 {[%clk 0:28:50]} Rb1
{[%clk 0:10:47]} 35. Ke3 {[%clk 0:26:41]} Rxb4 {[%clk 0:11:00]} 36. Rd2
{[%clk 0:26:32]} Ke7 {[%clk 0:10:56]} 37. Ke4 {[%clk 0:26:45]} Ke6
{[%clk 0:10:48]} 38. Ra2 {[%clk 0:26:14]} f5+ {[%clk 0:06:46]} 39. Kd3
{[%clk 0:26:32]} Kd5 {[%clk 0:03:50]} 40. Ra5+ {[%clk 0:26:30]} Ke6
{[%clk 0:04:14]} 41. Re5+ {[%clk 0:26:07]} Kf6 {[%clk 0:04:28]} 42. Re2
{[%clk 0:26:30]} g5 {[%clk 0:03:47]} 43. Kc3 {[%clk 0:26:13]} Ra4
{[%clk 0:04:01]} 44. d5 {[%clk 0:18:07]} f4 {[%clk 0:01:36]} 45. d6
{[%clk 0:17:24]} Ra6 {[%clk 0:01:12]} 46. Rd2 {[%clk 0:17:41]} Ra8
{[%clk 0:01:24]} 47. Kc4 {[%clk 0:17:26]} Ke6 {[%clk 0:01:36]} 48. Kc5
{[%clk 0:12:53]} Rc8+ {[%clk 0:01:34]} 49. Kd4 {[%clk 0:11:26]} Kxd6
{[%clk 0:00:57]} 50. Ke4+ {[%clk 0:11:50]} Ke6 {[%clk 0:01:21]} 51. Ra2
{[%clk 0:12:04]} Rc4+ {[%clk 0:01:21]} 52. Kf3 {[%clk 0:12:11]} h5
{[%clk 0:01:13]} 53. h3 {[%clk 0:11:52]} Rc5 {[%clk 0:01:07]} 54. Ra8
{[%clk 0:09:47]} Rc3+ {[%clk 0:01:14]} 55. Ke2 {[%clk 0:08:46]} Rc2+
{[%clk 0:01:19]} 56. Kf3 {[%clk 0:08:51]} Rc3+ {[%clk 0:01:47]} 57. Ke2
{[%clk 0:09:10]} Rc2+ {[%clk 0:00:58]} 58. Kf3 {[%clk 0:09:25]} Rc3+
{[%clk 0:01:05]} 59. Ke4 1/2-1/2

[Event "EYCC 2024 - G18"]
[Site "?"]
[Date "2024.08.29"]
[Round "7.6"]
[White "Shuqja, Klean"]
[Black "Minaeva, Juliana"]
[Result "0-1"]
[BlackElo "1807"]
[WhiteElo "2042"]
[LiveChessVersion "1.4.8"]

1. e4 {[%clk 1:30:59]} c5 {[%clk 1:30:55]} 2. Nf3 {[%clk 1:31:28]} d6
{[%clk 1:31:17]} 3. Bb5+ {[%clk 1:31:56]} Nd7 {[%clk 1:31:18]} 4. O-O
{[%clk 1:32:15]} a6 {[%clk 1:31:45]} 5. Bd3 Ngf6 {[%clk 1:31:53]} 6. c3
{[%clk 1:33:01]} b5 {[%clk 1:32:18]} 7. Bc2 {[%clk 1:33:26]} Bb7 {[%clk 1:32:28]}
8. Re1 {[%clk 1:33:37]} e6 {[%clk 1:32:15]} 9. d3 {[%clk 1:27:20]} Be7
{[%clk 1:32:12]} 10. Nbd2 {[%clk 1:27:22]} O-O {[%clk 1:31:48]} 11. Nf1
{[%clk 1:27:15]} Rc8 {[%clk 1:27:41]} 12. h3 {[%clk 1:26:10]} Ne5
{[%clk 1:27:03]} 13. N3h2 {[%clk 1:19:05]} Qc7 {[%clk 1:19:20]} 14. f4
{[%clk 1:17:45]} Ng6 {[%clk 1:18:19]} 15. Ng3 {[%clk 1:01:44]} d5
{[%clk 1:13:43]} 16. e5 {[%clk 0:51:40]} Nd7 {[%clk 1:12:28]} 17. Qg4
{[%clk 0:37:04]} d4 {[%clk 1:09:07]} 18. Bd1 {[%clk 0:31:57]} dxc3
{[%clk 1:03:51]} 19. bxc3 {[%clk 0:30:53]} c4 {[%clk 1:02:09]} 20. d4
{[%clk 0:29:27]} b4 {[%clk 0:42:39]} 21. f5 {[%clk 0:27:09]} exf5
{[%clk 0:42:36]} 22. Nxf5 {[%clk 0:27:09]} Bd5 {[%clk 0:40:46]} 23. h4
{[%clk 0:21:08]} Be6 {[%clk 0:39:34]} 24. h5 {[%clk 0:18:46]} Bxf5
{[%clk 0:38:06]} 25. Qxf5 {[%clk 0:19:10]} Nh4 {[%clk 0:34:38]} 26. Qg4
{[%clk 0:18:28]} f5 {[%clk 0:33:35]} 27. exf6 {[%clk 0:16:37]} Bxf6
{[%clk 0:33:46]} 28. Bg5 {[%clk 0:12:43]} Bxg5 {[%clk 0:25:03]} 29. Qxg5
{[%clk 0:13:10]} Nf5 {[%clk 0:24:50]} 30. Bc2 {[%clk 0:08:58]} Qd8
{[%clk 0:23:43]} 31. Qg4 {[%clk 0:02:34]} Nh6 {[%clk 0:21:26]} 32. Qe6+
{[%clk 0:02:05]} Kh8 {[%clk 0:21:43]} 33. cxb4 {[%clk 0:00:34]} Nf6
{[%clk 0:20:29]} 34. Nf3 {[%clk 0:00:45]} a5 {[%clk 0:18:27]} 35. b5
{[%clk 0:00:39]} Qc7 {[%clk 0:14:16]} 36. Ne5 {[%clk 0:00:37]} Rfe8
{[%clk 0:13:17]} 37. Qc6 {[%clk 0:00:35]} Qd8 {[%clk 0:12:46]} 38. Qf3
{[%clk 0:00:32]} Qxd4+ {[%clk 0:12:17]} 39. Qe3 {[%clk 0:00:56]} Qd5
{[%clk 0:10:11]} 40. b6 {[%clk 0:00:32]} Nhg4 {[%clk 0:09:22]} 41. b7
{[%clk 0:00:33]} Nxe3 {[%clk 0:09:33]} 42. bxc8=Q {[%clk 0:00:59]} Qxg2#
{[%clk 0:09:57]} 0-1

[Event "EYCC 2024 - G18"]
[Site "?"]
[Date "2024.08.29"]
[Round "7.7"]
[White "Voigt, Anastasia"]
[Black "Trasakova, Adela"]
[Result "1/2-1/2"]
[BlackElo "1853"]
[WhiteElo "2037"]
[LiveChessVersion "1.4.8"]

1. e4 {[%clk 1:30:58]} c6 {[%clk 1:30:59]} 2. d4 {[%clk 1:31:21]} d5
{[%clk 1:31:26]} 3. Nc3 {[%clk 1:31:47]} dxe4 {[%clk 1:31:50]} 4. Nxe4
{[%clk 1:32:13]} Bf5 {[%clk 1:32:12]} 5. Ng3 {[%clk 1:32:38]} Bg6
{[%clk 1:32:37]} 6. Nf3 {[%clk 1:33:03]} Nd7 {[%clk 1:32:32]} 7. Bc4
{[%clk 1:33:15]} e6 {[%clk 1:32:16]} 8. O-O {[%clk 1:33:35]} Ngf6
{[%clk 1:29:20]} 9. Re1 {[%clk 1:33:57]} Be7 {[%clk 1:28:24]} 10. c3
{[%clk 1:34:17]} O-O {[%clk 1:27:26]} 11. Nh4 {[%clk 1:34:19]} Nd5
{[%clk 1:25:28]} 12. Nxg6 {[%clk 1:34:26]} hxg6 {[%clk 1:25:52]} 13. Ne4
{[%clk 1:29:48]} N7f6 {[%clk 1:14:50]} 14. Bf1 {[%clk 1:21:32]} Nxe4
{[%clk 1:06:46]} 15. Rxe4 {[%clk 1:21:52]} c5 {[%clk 1:06:50]} 16. dxc5
{[%clk 1:11:09]} Bxc5 {[%clk 1:06:52]} 17. Qf3 {[%clk 1:09:39]} Qf6
{[%clk 1:00:08]} 18. Qg3 {[%clk 1:03:18]} Rfd8 {[%clk 0:57:09]} 19. Rg4
{[%clk 0:40:40]} Qf5 {[%clk 0:46:26]} 20. h3 {[%clk 0:23:48]} Qc2
{[%clk 0:35:21]} 21. Rc4 {[%clk 0:19:56]} Bb6 {[%clk 0:29:00]} 22. Qf3
{[%clk 0:19:19]} Nf6 {[%clk 0:25:20]} 23. Qe2 {[%clk 0:17:50]} Qd1
{[%clk 0:22:32]} 24. b4 {[%clk 0:12:41]} Rd7 {[%clk 0:20:11]} 25. Qb2
{[%clk 0:08:34]} Rad8 {[%clk 0:16:34]} 26. Bf4 {[%clk 0:07:51]} Qd5
{[%clk 0:15:08]} 27. Re1 {[%clk 0:06:29]} Nh5 {[%clk 0:11:47]} 28. Be5
{[%clk 0:06:12]} Qd2 {[%clk 0:11:15]} 29. Qxd2 {[%clk 0:04:14]} Rxd2
{[%clk 0:11:42]} 30. Be2 {[%clk 0:03:34]} Rxa2 {[%clk 0:11:09]} 31. Bc7
{[%clk 0:03:25]} Bxc7 {[%clk 0:07:25]} 32. Rxc7 {[%clk 0:03:50]} b6
{[%clk 0:06:32]} 33. Bc4 {[%clk 0:03:21]} Rc2 {[%clk 0:05:49]} 1/2-1/2

[Event "EYCC 2024 - G18"]
[Site "?"]
[Date "2024.08.29"]
[Round "7.8"]
[White "Jovanovic, Anja"]
[Black "Zabrzanska, Weronika"]
[Result "0-1"]
[BlackElo "1999"]
[WhiteElo "1870"]
[LiveChessVersion "1.4.8"]

1. c4 {[%clk 1:30:41]} e6 {[%clk 1:30:33]} 2. Nf3 {[%clk 1:30:56]} Nf6
{[%clk 1:30:41]} 3. b3 {[%clk 1:31:07]} d5 {[%clk 1:30:49]} 4. Bb2
{[%clk 1:31:18]} Be7 {[%clk 1:30:28]} 5. cxd5 {[%clk 1:28:27]} exd5
{[%clk 1:30:34]} 6. e3 {[%clk 1:27:52]} Bf5 {[%clk 1:28:34]} 7. Be2
{[%clk 1:26:12]} Nc6 {[%clk 1:24:22]} 8. O-O {[%clk 1:23:46]} O-O
{[%clk 1:22:26]} 9. d4 {[%clk 1:19:09]} Bd6 {[%clk 1:19:36]} 10. Nc3
{[%clk 1:11:49]} Ne7 {[%clk 1:17:49]} 11. Nb5 {[%clk 1:05:25]} Bb4
{[%clk 1:17:17]} 12. a3 {[%clk 1:05:02]} Ba5 {[%clk 1:17:29]} 13. b4
{[%clk 1:04:04]} Bb6 {[%clk 1:17:49]} 14. a4 {[%clk 1:01:19]} a5 {[%clk 1:17:28]}
15. Ba3 {[%clk 0:58:27]} Ne4 {[%clk 1:16:14]} 16. Qb3 {[%clk 0:51:20]} c6
{[%clk 1:08:58]} 17. Nc3 {[%clk 0:51:34]} Nxc3 {[%clk 1:08:25]} 18. Qxc3
{[%clk 0:52:01]} axb4 {[%clk 1:08:16]} 19. Qxb4 {[%clk 0:48:39]} Re8
{[%clk 1:07:41]} 20. Ne5 {[%clk 0:42:12]} Nc8 {[%clk 0:57:58]} 21. Bd3
{[%clk 0:38:58]} Rxe5 {[%clk 0:56:36]} 22. dxe5 {[%clk 0:36:40]} Bxd3
{[%clk 0:56:57]} 23. Rfc1 {[%clk 0:34:13]} c5 {[%clk 0:55:46]} 24. Qg4
{[%clk 0:32:56]} c4 {[%clk 0:51:36]} 25. e6 {[%clk 0:31:33]} Qf6 {[%clk 0:47:27]}
26. e7 {[%clk 0:30:06]} Nxe7 {[%clk 0:44:40]} 27. Qd7 {[%clk 0:30:30]} Nc6
{[%clk 0:34:19]} 28. Qxd5 {[%clk 0:27:16]} Qg6 {[%clk 0:31:51]} 29. Qd6
{[%clk 0:17:16]} Qxd6 {[%clk 0:25:42]} 30. Bxd6 {[%clk 0:17:43]} Bd8
{[%clk 0:24:14]} 31. Rd1 {[%clk 0:15:39]} Bf6 {[%clk 0:24:20]} 32. Ra3
{[%clk 0:15:18]} Rd8 {[%clk 0:19:28]} 33. Bc5 {[%clk 0:12:36]} c3
{[%clk 0:18:21]} 34. Bd4 {[%clk 0:11:59]} c2 {[%clk 0:14:31]} 35. Raxd3
{[%clk 0:12:25]} cxd1=Q+ {[%clk 0:14:44]} 36. Rxd1 {[%clk 0:12:52]} Nxd4
{[%clk 0:14:16]} 0-1

[Event "EYCC 2024 - G18"]
[Site "?"]
[Date "2024.08.29"]
[Round "7.9"]
[White "Kovacs, Veronika"]
[Black "Buchholz, Maja Patricia"]
[Result "0-1"]
[BlackElo "1988"]
[WhiteElo "1781"]
[LiveChessVersion "1.4.8"]

1. d4 {[%clk 1:30:56]} Nf6 {[%clk 1:30:53]} 2. c4 {[%clk 1:31:21]} g6
{[%clk 1:31:15]} 3. Nc3 {[%clk 1:31:47]} d5 {[%clk 1:31:39]} 4. cxd5
{[%clk 1:32:08]} Nxd5 {[%clk 1:32:02]} 5. e4 {[%clk 1:32:32]} Nxc3
{[%clk 1:32:27]} 6. bxc3 {[%clk 1:32:58]} Bg7 {[%clk 1:32:46]} 7. Bc4
{[%clk 1:33:17]} c5 {[%clk 1:33:04]} 8. Ne2 {[%clk 1:33:41]} O-O {[%clk 1:33:05]}
9. O-O {[%clk 1:34:06]} Nc6 {[%clk 1:33:26]} 10. Be3 {[%clk 1:34:30]} b6
{[%clk 1:33:30]} 11. Qd2 {[%clk 1:30:44]} Bb7 {[%clk 1:33:20]} 12. f3
{[%clk 1:24:43]} Rc8 {[%clk 1:32:13]} 13. Rab1 {[%clk 1:22:10]} e6
{[%clk 1:10:49]} 14. Rfc1 {[%clk 1:15:50]} Qe7 {[%clk 1:06:18]} 15. Bg5
{[%clk 1:05:57]} Qc7 {[%clk 1:01:17]} 16. Qe3 {[%clk 0:56:07]} Na5
{[%clk 0:50:21]} 17. Bd3 {[%clk 0:54:36]} Qd7 {[%clk 0:44:16]} 18. Bb5
{[%clk 0:49:21]} Bc6 {[%clk 0:43:29]} 19. Bxc6 {[%clk 0:49:03]} Rxc6
{[%clk 0:43:24]} 20. Rd1 {[%clk 0:39:46]} Rd6 {[%clk 0:39:40]} 21. e5
{[%clk 0:34:35]} cxd4 {[%clk 0:37:14]} 22. cxd4 {[%clk 0:33:48]} Nc4
{[%clk 0:33:45]} 23. Qb3 {[%clk 0:33:08]} Rc6 {[%clk 0:33:30]} 24. Rbc1
{[%clk 0:31:30]} Rfc8 {[%clk 0:33:15]} 25. Bh4 {[%clk 0:21:39]} R8c7
{[%clk 0:30:24]} 26. Rc3 {[%clk 0:18:48]} Bh6 {[%clk 0:24:01]} 27. Rcd3
{[%clk 0:15:27]} Na5 {[%clk 0:18:48]} 28. Qa4 {[%clk 0:11:29]} Nc4
{[%clk 0:08:19]} 29. Qb3 {[%clk 0:10:36]} Nb2 {[%clk 0:08:03]} 30. Qxb2
{[%clk 0:09:40]} Rc2 {[%clk 0:08:28]} 31. Qb3 {[%clk 0:09:51]} Rxe2
{[%clk 0:08:52]} 32. Re1 {[%clk 0:06:24]} Rd2 {[%clk 0:07:39]} 33. Rd1
{[%clk 0:05:49]} Rxd3 {[%clk 0:05:52]} 34. Qxd3 {[%clk 0:06:07]} Qa4
{[%clk 0:04:39]} 35. f4 {[%clk 0:02:43]} Bxf4 {[%clk 0:03:04]} 36. Qf3
{[%clk 0:01:24]} Bxe5 {[%clk 0:01:31]} 37. Qa8+ {[%clk 0:01:09]} Kg7
{[%clk 0:01:56]} 38. Qf3 {[%clk 0:00:47]} Bxd4+ {[%clk 0:02:06]} 39. Kh1
{[%clk 0:00:59]} Bb2 {[%clk 0:01:59]} 40. g3 {[%clk 0:00:41]} Qc6
{[%clk 0:01:51]} 0-1